Environmental Science A (Record no. 11305)

MARC details
000 -LEADER
fixed length control field 00448nam a22001817a 4500
005 - DATE AND TIME OF LATEST TRANSACTION
control field 20220528111612.0
008 - FIXED-LENGTH DATA ELEMENTS--GENERAL INFORMATION
fixed length control field 220528b ||||| |||| 00| 0 eng d
020 ## - INTERNATIONAL STANDARD BOOK NUMBER
International Standard Book Number 81859161004
040 ## - CATALOGING SOURCE
Original cataloging agency IN-DiNC
Transcribing agency IN-DiNC
041 ## - LANGUAGE CODE
Language code of sung or spoken text Assamese
082 ## - DEWEY DECIMAL CLASSIFICATION NUMBER
Classification number 333.7
100 ## - MAIN ENTRY--PERSONAL NAME
Personal name Das Dipali
Relator term Author
245 ## - TITLE STATEMENT
Title Environmental Science A
Statement of responsibility, etc. by Dipali Das
250 ## - EDITION STATEMENT
Edition statement 2nd ed.
260 ## - PUBLICATION, DISTRIBUTION, ETC.
Place of publication, distribution, etc. Guwahati
Name of publisher, distributor, etc. K.M. publishing
Date of publication, distribution, etc. 2012
300 ## - PHYSICAL DESCRIPTION
Extent 218p.
942 ## - ADDED ENTRY ELEMENTS (KOHA)
Source of classification or shelving scheme Dewey Decimal Classification
Koha item type Books
Holdings
Withdrawn status Lost status Source of classification or shelving scheme Damaged status Not for loan Collection code Home library Current library Shelving location Date acquired Cost, normal purchase price Total Checkouts Full call number Barcode Date last seen Date last checked out Copy number Price effective from Koha item type
    Dewey Decimal Classification     Reference Central Library, Naharkatiya College Central Library, Naharkatiya College General Stacks 28/05/2022 130.00 10 333.7 21973 26/05/2023 24/04/2023 1 28/05/2022 Books
    Dewey Decimal Classification     General Collection Central Library, Naharkatiya College Central Library, Naharkatiya College General Stacks 06/04/2023 130.00 2 333.7 21102 26/05/2023 24/04/2023   06/04/2023 Books
    Dewey Decimal Classification     Reference Central Library, Naharkatiya College Central Library, Naharkatiya College General Stacks 20/04/2023 130.00 2 333.7 21103 26/05/2023 16/05/2023 2 20/04/2023 Books

Naharkatiya College © 2020. All rights reserved.

Powered By